Milan - Statistiques

Statistiques générales
  • Ce quiz a été pris 26 fois
  • Le résultat moyen est 8 sur 16
Statistiques - réponses
Question Réponse % Correct
De quel pays fait partie Milan ? Italie
100%
Dans quelle région se situe Milan ? En Lombardie
96%
Comment se nomme les deux clubs de football de la ville ? AC Milan
91%
Inter Milan
87%
Quel évènement a lieu à Milan en Septembre ? Fashion Week
65%
Pourquoi Milan est populaire ? La mode
65%
Comment s'appelle le stade de la première équipe ? San Siro
61%
Quel tableau de Léonard de Vinci se trouve à Milan ? La Cène
48%
Comment se nomment les canaux de Milan ? Les Navigli
48%
Quel parc est le plus grand de Milan ? Parco Sempione
39%
Comment s'appelle le quartier des artistes ? Brera
35%
Quel musée de ce quartier est le troisième plus grand d'Italie ? Pinacoteca di Brera
30%
Quel drapeau ressemble à celui de Milan ? Angleterre
26%
Quelle dynastie était très présente à Milan durant la Renaissance ? Sforza
26%
Qui est le/la maire de Milan ? Giuseppe Sala
13%
En quelle année a débuté la construction du Duomo ? 1386
9%
Aucun quiz correspondant
Distribution des résultats
% des personnes avec chaque résultat
Percentile par nombre de réponses
Votre historique - résultats
Vous n’avez pas pris ce quiz